| 000 | 01676nam a22003017a 4500 | ||
|---|---|---|---|
| 005 | 20240925104128.0 | ||
| 008 | 240925b ||||| |||| 00| 0 eng d | ||
| 020 | _a9789812873163 | ||
| 040 |
_aCO-BoUCM _cDavid Moreno _dDavid Moreno |
||
| 041 | _aeng | ||
| 245 | 1 | 0 |
_aPlug In Electric Vehicles in Smart Grids _bCharging Strategies _cSumedha Rajakaruna, Farhad Shahnia and Arindam Ghosh. |
| 250 | _a1a. Ed | ||
| 260 |
_aSingapore _bSpringer Singapore _c2015 |
||
| 490 |
_aPower Systems _x1612-1287 |
||
| 500 | _aDescription based upon print version of record. | ||
| 504 | _aIncluye referencias bibliográficas e índices | ||
| 505 | _rCharging Coordination Paradigms of Electric Vehicles -- Control and Management of PV Integrated Charging Facilities for PEVs -- Hierarchical Coordinated Control Strategies for Plug-in Electric Vehicle Charging -- Impacts of Plug-in Electric Vehicles Integration in Distribution Networks under Different Charging Strategies -- Smart Management of PEV Charging Enhanced by PEV Load Forecasting -- Optimal Charging Strategies of Plug-in Electric Vehicles for Minimizing Load Variance within Smart Grids. | ||
| 650 | 1 | 4 |
_aTransporte _925687 |
| 650 | 1 | 4 |
_aPolítica, economía y gestión energética _9183063 |
| 650 | 1 | 4 |
_aElectrónica y microelectrónica, instrumentación _9183064 |
| 650 | 1 | 4 |
_aCiencia de la medición e instrumentación _9183065 |
| 650 | 1 | 4 |
_aCircuitos y sistemas _9183066 |
| 700 | 1 |
_aRajakaruna, Sumedha _eeditor _9183067 |
|
| 700 | 1 |
_aShahnia, Farhad _eeditor _9183068 |
|
| 700 | 1 |
_aGhosh, Arindam _eeditor _9183069 |
|
| 942 |
_2DEWEY _a14 _cLIBRO _e1 _h621.3 _mP733 _n0 |
||
| 999 |
_c324813 _d324813 |
||